000 00677nam a2200241 i 4500
001 C2-0246961
003 PPAK
005 20180727211619.0
008 030325s2000 nyua|||| ||||| | eng d
020 _a014056196X
040 _aPPAK
_beng
_cPPAK
_erda
082 0 4 _a823
_223
090 0 0 _a823
_bSCH
_dK
100 1 _aSchroeder, Alan,
_eauthor
245 1 0 _aMinty :
_ba story of young Harriet Tubman
264 1 _aNew York :
_bPuffin Books ,
_c2000
300 _a[35 pages] :
_bcolour illustrations ;
_c29 cm
336 _2rdacontent
_atext
337 _2rdamedia
_aunmediated
338 _2rdacarrier
_avolume
650 1 0 _aChildren's stories, English
942 _ddc
_cB
999 _c60852
_d60852